[Event "Interclubs Jeunes"]
[Site "Créteil"]
[Date "29/11/2009"]
[Round "3.9"]
[White "Le, Quan Anh"]
[Black "O'Sullivan, Thomas"]
[Result "0-1"]
[WhiteElo "1380"]
[BlackElo "1690"]
[WhiteTeam "Créteil"]
[BlackTeam "A.E.C.E."]

1. e4 e6 2. d4 d5 3. Nc3 Bb4 4. Bd3 Ne7 5. a3 Bxc3+ 6. bxc3 O-O 7. f4 c6 8. e5
f6 9. Nf3 f5 10. O-O Nd7 11. Be3 Nb6 12. Qd2 Bd7 13. Rae1 Rc8 14. Qf2 Ng6 15.
Ng5 h6 16. Nf3 Qe7 17. Bc1 c5 18. Nh4 Qxh4 19. Qxh4 Nxh4 20. dxc5 Rxc5 21. Bd2
Rfc8 22. g3 Ng6 23. Rf3 Nc4 24. Bxc4 Rxc4 25. Kg2 Bc6 26. Rd3 d4+ 27. Kf2 dxc3
28. Rxc3 Rxc3 29. Bxc3 Be4 30. Bd4 Rxc2+ 31. Re2 Rxe2+ 32. Kxe2 a6 33. Ke3 Kf7
34. g4 Ke7 35. gxf5 Bxf5 36. Bc5+ Kd7 37. Kf3 Kc6 38. Bb4 b6 39. Kg3 a5 40. Bd6
b5 41. h4 Kd5 42. Bc7 a4 43. h5 Ne7 44. Bd6 Nc6 45. Kf2 b4 46. axb4 a3 47. b5
a2 48. bxc6 Kxc6 49. Bf8 a1=Q 50. Bxg7 Qb2+ 51. Ke3 Qc3+ 52. Kf2 Qd4+ 53. Ke2
Bg4+ 54. Kf1 Qd3+ 55. Kf2 Qe2+ 56. Kg1 Bh3 0-1

[Event "Interclubs Jeunes"]
[Site "Mulhouse"]
[Date "28.??.??"]
[Round "1.7"]
[White "Lachkar, Dan"]
[Black "Casner, Theo"]
[Result "0-1"]
[WhiteElo "1260"]
[BlackElo "1380"]
[PlyCount "140"]
[EventDate "28.??.??"]
[WhiteTeam "Saint Mandé"]
[BlackTeam "Mulhouse"]

1. d4 Nf6 2. Nf3 g6 3. Bf4 Bg7 4. e3 O-O 5. Bd3 d6 6. h3 Nc6 7. Nbd2 Re8 8. c3
e5 9. Bg5 d5 10. dxe5 Nxe5 11. Nxe5 Rxe5 12. Bxf6 Qxf6 13. O-O Qg5 14. Nf3 Qh6
15. Nxe5 Bxe5 16. f4 Bg7 17. Qf3 c6 18. e4 dxe4 19. Bxe4 Be6 20. f5 Bc4 21. Bd3
Bxd3 22. Qxd3 Qg5 23. fxg6 Qc5+ 24. Kh2 Qe5+ 25. Qg3 Qxg3+ 26. Kxg3 hxg6 27.
Rf2 Rd8 28. Raf1 Rd3+ 29. Rf3 Be5+ 30. Kg4 Rd2 31. R1f2 f5+ 32. Kg5 Rd6 33. Re2
Re6 34. Rfe3 Bf6+ 35. Kxg6 Bd4+ 36. Kxf5 Rxe3 37. Rxe3 Bxe3 38. g4 Bc1 39. b3
Bb2 40. c4 b5 41. g5 a5 42. h4 Bg7 43. h5 a4 44. cxb5 cxb5 45. bxa4 bxa4 46. h6
Bh8 47. g6 Kf8 48. g7+ Bxg7 49. h7 Bh8 50. Kg6 Ke7 51. Kh5 Kd6 52. Kg6 Kc5 53.
Kf7 Kb4 54. Kg8 Bd4 55. Kf7 Ka3 56. Ke6 Kxa2 57. Kd5 Bh8 58. Kc4 Kb2 59. Kb4 a3
60. Ka5 a2 61. Kb4 a1=Q 62. Kb5 Kb3 63. Kb6 Qc3 64. Ka7 Qc5+ 65. Ka8 Qc6+ 66.
Ka7 Kb4 67. Kb8 Kb5 68. Ka7 Qd7+ 69. Kb8 Kb6 70. Ka8 Qc8# 0-1

[Event "Interclubs Jeunes"]
[Site "Mulhouse"]
[Date "28.??.??"]
[Round "1.8"]
[White "Hazan, Raphael"]
[Black "Berriat, Diane"]
[Result "0-1"]
[WhiteElo "1120"]
[BlackElo "1280"]
[PlyCount "40"]
[EventDate "28.??.??"]
[WhiteTeam "Saint Mandé"]
[BlackTeam "Mulhouse"]

1. d4 d5 2. Bf4 Nc6 3. c3 Bf5 4. Nd2 Nf6 5. Ngf3 e6 6. e3 Bd6 7. Bg5 O-O 8. Be2
h6 9. Bxf6 Qxf6 10. O-O Qg6 11. b4 Bh3 12. Nh4 Qg5 13. Ndf3 Qg4 14. a4 e5 15.
b5 e4 16. Re1 exf3 17. Bxf3 Qxh4 18. gxh3 Ne7 19. Rb1 Qxh3 20. Kh1 Qxh2# 0-1

[Event "Interclubs Jeunes"]
[Site "Mulhouse"]
[Date "28.??.??"]
[Round "1.9"]
[White "Berriat, Diane"]
[Black "Lachkar, Dan"]
[Result "1-0"]
[WhiteElo "1280"]
[BlackElo "1260"]
[PlyCount "51"]
[EventDate "28.??.??"]
[WhiteTeam "Mulhouse"]
[BlackTeam "Saint Mandé"]

1. e4 c6 2. d4 d5 3. Nc3 dxe4 4. Nxe4 Bf5 5. Bd3 Bxe4 6. Bxe4 Nf6 7. Qd3 Nbd7
8. Nf3 e6 9. O-O Bd6 10. c4 O-O 11. c5 Bc7 12. Ng5 g6 13. Qh3 b6 14. b4 a5 15.
Bd2 axb4 16. Bxb4 bxc5 17. Bxc5 Nxc5 18. dxc5 Be5 19. Rad1 Qa5 20. Bxc6 Qxc5
21. Bxa8 Rxa8 22. Rc1 Bxh2+ 23. Qxh2 Qxg5 24. Qd6 Rxa2 25. Rc8+ Kg7 26. Qf8#
1-0

[Event "Interclubs Jeunes"]
[Site "Mulhouse"]
[Date "28.??.??"]
[Round "1.10"]
[White "Casner, Theo"]
[Black "Hazan, Raphael"]
[Result "1-0"]
[WhiteElo "1380"]
[BlackElo "1120"]
[PlyCount "37"]
[EventDate "28.??.??"]
[WhiteTeam "Mulhouse"]
[BlackTeam "Saint Mandé"]

1. e4 c5 2. Nf3 Nc6 3. Bc4 e6 4. O-O Be7 5. d3 Nf6 6. Bf4 d6 7. Nc3 O-O 8. Qd2
a6 9. Rfe1 b5 10. Bb3 Bb7 11. a4 b4 12. Ne2 Nd4 13. Nexd4 cxd4 14. Qxb4 d5 15.
Qxb7 e5 16. Bxe5 Ng4 17. Bxd4 Bh4 18. Bxd5 Rb8 19. Qxa6 1-0

[Event "Interclubs Jeunes"]
[Site "Mulhouse"]
[Date "28.??.??"]
[Round "1.6"]
[White "Banat, Rizlene"]
[Black "Pluvinage, Jerome"]
[Result "1-0"]
[WhiteElo "1570"]
[BlackElo "1580"]
[PlyCount "79"]
[EventDate "28.??.??"]
[WhiteTeam "Clichy"]
[BlackTeam "Bischwiller"]

1. Nf3 d5 2. g3 Nf6 3. Bg2 Bf5 4. O-O c6 5. d3 e6 6. c4 Be7 7. e3 h6 8. cxd5
exd5 9. b3 O-O 10. Bb2 Bh7 11. Qc2 Nbd7 12. Ne5 Nxe5 13. Bxe5 Re8 14. Bb2 Rc8
15. Bh3 Ra8 16. Rd1 Qb6 17. Nc3 Red8 18. Na4 Qc7 19. Bg2 Bg6 20. Rac1 Qc8 21.
Bd4 Ne8 22. Bc5 Bf6 23. Ba3 Nc7 24. Bb2 Bxb2 25. Qxb2 Ne6 26. e4 d4 27. Nc5
Nxc5 28. Rxc5 b6 29. Rc4 c5 30. b4 f6 31. bxc5 bxc5 32. Rdc1 Bf7 33. Rxc5 Qe6
34. a3 Rdb8 35. Qc2 Kh7 36. e5 Qb3 37. Qxb3 Rxb3 38. Bxa8 fxe5 39. Be4+ Kh8 40.
Rc8+ 1-0

[Event "Interclubs Jeunes"]
[Site "Mulhouse"]
[Date "28.??.??"]
[Round "1.7"]
[White "Schlegel, Nicolas"]
[Black "Kieffer, Anatole"]
[Result "0-1"]
[WhiteElo "1450"]
[BlackElo "1550"]
[PlyCount "84"]
[EventDate "28.??.??"]
[WhiteTeam "Bischwiller"]
[BlackTeam "Clichy"]

1. e4 e5 2. Nf3 Nc6 3. Bc4 Be7 4. c3 Nf6 5. d3 O-O 6. Be3 d6 7. Nbd2 Be6 8. Bb3
Ng4 9. d4 Nxe3 10. fxe3 Bxb3 11. axb3 Bf6 12. O-O Ne7 13. dxe5 dxe5 14. Ra5 b6
15. Ra4 b5 16. Ra5 a6 17. c4 c5 18. Ra1 Ng6 19. cxb5 axb5 20. Rc1 Rc8 21. Qe2
Qb6 22. Qf2 Rfd8 23. Qg3 Rd3 24. Rfe1 Rcd8 25. Re2 c4 26. bxc4 Qa5 27. Rc2 bxc4
28. Nxc4 Rd1+ 29. Re1 Rxe1+ 30. Nxe1 Qa1 31. Kf1 Bh4 32. Qxh4 Nxh4 33. Nd6 f6
34. Nb5 Rd1 35. Rc8+ Kf7 36. Rc7+ Kg6 37. Rc2 Rxe1+ 38. Kf2 Rf1+ 39. Kg3 Qe1+
40. Kg4 h5+ 41. Kh3 Qxe3+ 42. Kxh4 Rf4+ 0-1

[Event "Interclubs Jeunes"]
[Site "Mulhouse"]
[Date "28.??.??"]
[Round "1.8"]
[White "Guerin, Juliette"]
[Black "Raze, Nicolas"]
[Result "1-0"]
[WhiteElo "1370"]
[BlackElo "1080"]
[PlyCount "127"]
[EventDate "28.??.??"]
[WhiteTeam "Bischwiller"]
[BlackTeam "Clichy"]

1. e4 e5 2. d4 Nc6 3. dxe5 Nxe5 4. Nc3 Nf6 5. Bf4 d6 6. Bxe5 dxe5 7. Qxd8+ Kxd8
8. O-O-O+ Bd6 9. Nf3 Ng4 10. Rd2 Re8 11. Bc4 Ke7 12. Nd5+ Kf8 13. Ng5 c6 14.
Nc3 Be7 15. Nxf7 Bc5 16. h3 Nxf2 17. Rf1 Be3 18. Rfxf2 Bxd2+ 19. Kxd2 Be6 20.
Bxe6 Rxe6 21. Nd8+ Ke7 22. Nxe6 Kxe6 23. g4 Rd8+ 24. Ke3 Rd4 25. Ne2 Ra4 26. a3
Rc4 27. Ng3 g6 28. g5 b5 29. h4 a5 30. b3 Rc3+ 31. Ke2 Rxg3 32. Rf6+ Ke7 33.
Rxc6 Rg4 34. Rc7+ Kf8 35. Rxh7 Rxe4+ 36. Kf3 Rf4+ 37. Kg3 Kg8 38. Re7 Re4 39.
Kf3 Re1 40. c4 Kf8 41. Re6 Kf7 42. Rf6+ Ke7 43. Rxg6 e4+ 44. Kf2 Rb1 45. h5
Rxb3 46. h6 e3+ 47. Ke2 Kf7 48. h7 Kxg6 49. h8=Q Kxg5 50. Qe5+ Kg4 51. cxb5
Rxa3 52. b6 Rb3 53. Qe6+ Kg3 54. Qxb3 a4 55. Qxe3+ Kg4 56. Qf2 a3 57. Ke3 Kg5
58. Ke4 Kg6 59. Ke5 Kg7 60. Ke6 Kg8 61. Ke7 Kg7 62. Qg2+ Kh6 63. Kf6 a2 64.
Qg6# 1-0

[Event "Interclubs Jeunes"]
[Site "Mulhouse"]
[Date "28.??.??"]
[Round "1.9"]
[White "Raze, Nicolas"]
[Black "Schlegel, Nicolas"]
[Result "0-1"]
[WhiteElo "1080"]
[BlackElo "1450"]
[PlyCount "28"]
[EventDate "28.??.??"]
[WhiteTeam "Clichy"]
[BlackTeam "Bischwiller"]

1. e4 e5 2. Nf3 Nc6 3. Nc3 Bc5 4. Bc4 Nf6 5. d3 d6 6. Ng5 O-O 7. O-O Bg4 8. Nf3
Nd4 9. Be3 Nxf3+ 10. gxf3 Bh3 11. Re1 Nd7 12. d4 exd4 13. Bxd4 Qg5+ 14. Kh1
Qg2# 0-1

[Event "Interclubs Jeunes"]
[Site "Mulhouse"]
[Date "28.??.??"]
[Round "1.10"]
[White "Kieffer, Anatole"]
[Black "Guerin, Juliette"]
[Result "1-0"]
[WhiteElo "1550"]
[BlackElo "1370"]
[PlyCount "73"]
[EventDate "28.??.??"]
[WhiteTeam "Clichy"]
[BlackTeam "Bischwiller"]

1. e4 e5 2. Nf3 Nc6 3. Bc4 Bc5 4. c3 Nf6 5. d4 exd4 6. cxd4 Bb4+ 7. Bd2 Bxd2+
8. Nbxd2 d5 9. exd5 Nxd5 10. O-O O-O 11. Nb3 Bg4 12. a3 Re8 13. h3 Bh5 14. g4
Bg6 15. Re1 Qd6 16. Qd2 Nf4 17. Bf1 Be4 18. Ne5 Nxe5 19. dxe5 Qxd2 20. Nxd2 Bc6
21. Rac1 Re6 22. b4 a6 23. Rc5 g5 24. h4 Rh6 25. h5 Rd8 26. Ne4 Bb5 27. Rxc7
Bxf1 28. Kxf1 Nh3 29. Kg2 Rd3 30. f3 Nf4+ 31. Kg3 b5 32. Nxg5 Rxa3 33. Kxf4 a5
34. Rd1 Ra6 35. Rd8+ Kg7 36. Rxf7+ Kh6 37. Rxh7# 1-0

[Event "Interclubs Jeunes"]
[Site "Mulhouse"]
[Date "29.??.??"]
[Round "2.2"]
[White "Ane, Cedric"]
[Black "Muheim, Sebastien"]
[Result "0-1"]
[WhiteElo "2058"]
[BlackElo "2040"]
[PlyCount "81"]
[EventDate "29.??.??"]
[WhiteTeam "Clichy"]
[BlackTeam "Mulhouse"]

1. e4 c5 2. Nf3 d6 3. d4 cxd4 4. Nxd4 Nf6 5. Nc3 a6 6. Bc4 Nbd7 7. O-O g6 8.
Qe2 Qc7 9. Bg5 Bg7 10. Rad1 b5 11. Bd5 Bb7 12. f4 O-O 13. Bxb7 Qxb7 14. e5 dxe5
15. fxe5 b4 16. exf6 exf6 17. Bf4 bxc3 18. b3 f5 19. Qe3 Nf6 20. Qxc3 Ne4 21.
Qf3 Rfe8 22. c4 Re7 23. Bc1 Rae8 24. Ne2 Qb6+ 25. Be3 Qa5 26. Nf4 Nc3 27. Nd5
Nxd5 28. Rxd5 Qxa2 29. Bc5 Re2 30. g4 Qc2 31. gxf5 gxf5 32. Rxf5 Kh8 33. Rf2
Qc1+ 34. Rf1 Qb2 35. Rf2 Bd4 36. Bxd4+ Qxd4 37. Rg5 Rxf2 38. Qxf2 Qd1+ 39. Kg2
Re2 40. Rd5 Rxf2+ 41. Kxf2 0-1

-1/2

[Event "Interclubs Jeunes"]
[Site "Mulhouse"]
[Date "29.??.??"]
[Round "2.7"]
[White "Casner, Theo"]
[Black "Raze, Nicolas"]
[Result "1-0"]
[WhiteElo "1380"]
[BlackElo "1080"]
[PlyCount "117"]
[EventDate "29.??.??"]
[WhiteTeam "Mulhouse"]
[BlackTeam "Clichy"]

1. e4 e5 2. Nf3 Nf6 3. Nxe5 d6 4. Nf3 Nxe4 5. d3 Nf6 6. Bg5 Be7 7. Be2 O-O 8.
O-O Nc6 9. Nc3 Nh5 10. Bxe7 Qxe7 11. Nd2 Nf4 12. Bf3 Qg5 13. Nde4 Qg6 14. Ng3
Ne5 15. Be4 Qg5 16. Nce2 Bg4 17. Re1 d5 18. f3 dxe4 19. Nxf4 Qxf4 20. Rxe4 Qg5
21. fxg4 Rae8 22. Qe2 f6 23. d4 g6 24. dxe5 Rxe5 25. Rxe5 fxe5 26. Qc4+ Kg7 27.
Qxc7+ Rf7 28. Rf1 Rxc7 29. Ne4 Qe3+ 30. Nf2 Rxc2 31. b4 Rc1 32. h3 Rxf1+ 33.
Kxf1 h5 34. gxh5 gxh5 35. a4 Qf4 36. Kg1 e4 37. b5 b6 38. h4 e3 39. Nd3 Qxh4
40. Kf1 Qf6+ 41. Ke2 h4 42. Kxe3 Qg6 43. Nf4 Qg3+ 44. Ke4 Qg5 45. Ne6+ Kg6 46.
Nxg5 Kxg5 47. Kf3 Kh5 48. Kf4 Kg6 49. Ke3 Kf5 50. Kf3 Ke5 51. Kg4 Kd4 52. Kxh4
Kc4 53. g4 Kb4 54. g5 Kxa4 55. g6 Kxb5 56. g7 a6 57. g8=Q a5 58. Qb3+ Ka6 59.
Kg5 1-0

[Event "Interclubs Jeunes"]
[Site "Mulhouse"]
[Date "29.??.??"]
[Round "2.8"]
[White "Berriat, Diane"]
[Black "Kieffer, Anatole"]
[Result "0-1"]
[WhiteElo "1280"]
[BlackElo "1550"]
[PlyCount "104"]
[EventDate "29.??.??"]
[WhiteTeam "Mulhouse"]
[BlackTeam "Clichy"]

1. e4 e5 2. Nf3 Nc6 3. Bc4 Bc5 4. Nc3 Nf6 5. d3 d6 6. Bg5 Be6 7. O-O h6 8. Be3
Bxe3 9. fxe3 Bxc4 10. dxc4 Qd7 11. h3 O-O-O 12. b3 g5 13. Nd5 Nxe4 14. Qe1 Ne7
15. Nd2 Nxd2 16. Nf6 Qe6 17. Qxd2 c6 18. Qa5 Kb8 19. Rad1 Nf5 20. Ng4 h5 21. e4
Ng3 22. Rf6 Qe7 23. Rf3 Nxe4 24. Nf2 Nxf2 25. Rxf2 g4 26. Rdf1 Rdf8 27. Qd2
gxh3 28. Qd3 hxg2 29. Rxg2 Rhg8 30. Rff2 Rxg2+ 31. Rxg2 Kc7 32. Qc3 f5 33. Qa5+
Kb8 34. c5 d5 35. b4 e4 36. b5 Qxc5+ 37. Kh2 Qxb5 38. Qc3 Qb6 39. Rg7 Qf2+ 40.
Rg2 Qf4+ 41. Qg3 Qxg3+ 42. Rxg3 f4 43. Rg5 f3 44. Rg1 e3 45. a4 f2 46. Rg2 f1=Q
47. a5 Qxg2+ 48. Kxg2 e2 49. a6 e1=Q 50. axb7 Rf2+ 51. Kg3 Qg1+ 52. Kh4 Rh2#
0-1

[Event "Interclubs Jeunes"]
[Site "Mulhouse"]
[Date "29.??.??"]
[Round "2.9"]
[White "Kieffer, Anatole"]
[Black "Casner, Theo"]
[Result "1-0"]
[WhiteElo "1550"]
[BlackElo "1380"]
[PlyCount "103"]
[EventDate "29.??.??"]
[WhiteTeam "Clichy"]
[BlackTeam "Mulhouse"]

1. e4 c5 2. Nf3 Nc6 3. d4 cxd4 4. Nxd4 g6 5. Nc3 Bg7 6. Be3 e6 7. Qd2 Nge7 8.
O-O-O O-O 9. Nb3 Re8 10. g4 Qc7 11. Nb5 Qe5 12. Nc3 Rd8 13. f4 Qc7 14. Nb5 Qb8
15. Nd6 b6 16. f5 exf5 17. gxf5 Bb7 18. Bg5 f6 19. Bf4 gxf5 20. Bc4+ Kf8 21.
Nf7 Ne5 22. Nxd8 Nxc4 23. Bxb8 Nxd2 24. Rxd2 Rxb8 25. Rxd7 Bxe4 26. Rhd1 Bh6+
27. Kb1 Rc8 28. Nd4 Ke8 29. Rxa7 Rxd8 30. a3 Nc6 31. Rxh7 Be3 32. Rh8+ Kf7 33.
Rxd8 Nxd8 34. Ka2 Bxc2 35. Nxc2 Nc6 36. Nxe3 Ne5 37. Nxf5 Kg6 38. Ne7+ Kf7 39.
Nd5 Ke6 40. Nxb6 Nf3 41. h3 Ng5 42. h4 Nf3 43. h5 Kf7 44. Rd7+ Kg8 45. Nd5 Ne5
46. Nxf6+ Kf8 47. Ra7 Nc6 48. Rc7 Ne5 49. h6 Nf7 50. h7 Kg7 51. Rxf7+ Kxf7 52.
h8=Q 1-0

[Event "Interclubs Jeunes"]
[Site "Mulhouse"]
[Date "29.??.??"]
[Round "2.10"]
[White "Raze, Nicolas"]
[Black "Berriat, Diane"]
[Result "0-1"]
[WhiteElo "1080"]
[BlackElo "1280"]
[PlyCount "108"]
[EventDate "29.??.??"]
[WhiteTeam "Clichy"]
[BlackTeam "Mulhouse"]

1. e4 c5 2. Nf3 Nc6 3. Nc3 g6 4. d4 cxd4 5. Nxd4 Bg7 6. Nxc6 bxc6 7. Bd3 Qa5 8.
Bd2 Nf6 9. Ne2 Qc7 10. O-O O-O 11. Bf4 Qb6 12. Rb1 Ba6 13. e5 Bxd3 14. cxd3 Nd5
15. Qa4 Nxf4 16. Qxf4 Qb5 17. a4 Qxd3 18. Rfe1 Qd5 19. Rbd1 Bxe5 20. Rxd5 Bxf4
21. Rxd7 Bd6 22. Nd4 Rfd8 23. Rxd8+ Rxd8 24. Nxc6 Ra8 25. Nxe7+ Bxe7 26. Rxe7
Rd8 27. g3 Rd2 28. Rxa7 Rxb2 29. a5 Ra2 30. Ra8+ Kg7 31. f4 Kf6 32. g4 Ke6 33.
Kf1 Rxh2 34. a6 Ra2 35. Ke1 Kd6 36. Kd1 Kc7 37. Kc1 Kb6 38. Rf8 Kxa6 39. Rxf7
Rh2 40. f5 Rg2 41. Rf6+ Kb5 42. fxg6 hxg6 43. Rxg6 Kc4 44. Kd1 Kc3 45. Ke1 Kd3
46. Kf1 Ra2 47. g5 Ke3 48. Rf6 Ra1+ 49. Kg2 Ra8 50. g6 Rg8 51. Kh3 Ke4 52. Kh4
Ke5 53. Ra6 Kf5 54. Kh5 Rh8# 0-1

[Event "Interclubs Jeunes"]
[Site "Mulhouse"]
[Date "29.??.??"]
[Round "2.7"]
[White "Lachkar, Dan"]
[Black "Schlegel, Nicolas"]
[Result "1-0"]
[WhiteElo "1260"]
[BlackElo "1450"]
[PlyCount "133"]
[EventDate "29.??.??"]
[WhiteTeam "Saint Mandé"]
[BlackTeam "Bischwiller"]

1. d4 d5 2. Nf3 Nf6 3. Bf4 Bf5 4. Nbd2 e6 5. e3 Bb4 6. c3 Bd6 7. Bg5 Nc6 8. Bb5
O-O 9. O-O Re8 10. Bxc6 bxc6 11. Re1 e5 12. Qe2 exd4 13. cxd4 Rb8 14. b3 Bg4
15. h3 Bh5 16. Rac1 Rb6 17. Qd1 Bb4 18. Rc2 Qd6 19. Bf4 Qd7 20. Re2 Ne4 21. Be5
Nxd2 22. Rexd2 Bxd2 23. Rxd2 Qf5 24. g4 Qg6 25. Bg3 Bxg4 26. hxg4 Qxg4 27. Nh2
Qh3 28. Bxc7 Re6 29. Qf3 Rg6+ 30. Kh1 Qxf3+ 31. Nxf3 Rb7 32. Bf4 Re7 33. Ne5
Rf6 34. Bg5 Rxe5 35. Bxf6 Rh5+ 36. Kg2 gxf6 37. Rc2 Kf8 38. Rxc6 Ke7 39. Rc7+
Ke6 40. Rxa7 Rg5+ 41. Kf1 h5 42. Rc7 h4 43. Rc1 h3 44. Ke2 h2 45. Rh1 Rg1 46.
Rxh2 Ra1 47. a4 Ra3 48. Rh1 Rxb3 49. Ra1 Kd6 50. f4 Kc6 51. Kf3 f5 52. Rc1+ Kb6
53. a5+ Kxa5 54. Rc7 Kb4 55. Rxf7 Kc3 56. Rxf5 Rb5 57. Re5 Kd2 58. f5 Rb8 59.
Rxd5 Rf8 60. Re5 Kd3 61. d5 Kc4 62. d6 Rf7 63. e4 Kd4 64. Rd5+ Kc4 65. d7 Rh7
66. d8=Q Rh3+ 67. Kg4 1-0

[Event "Interclubs Jeunes"]
[Site "Mulhouse"]
[Date "29.??.??"]
[Round "2.8"]
[White "Hazan, Raphael"]
[Black "Guerin, Juliette"]
[Result "0-1"]
[WhiteElo "1120"]
[BlackElo "1370"]
[PlyCount "68"]
[EventDate "29.??.??"]
[WhiteTeam "Saint Mandé"]
[BlackTeam "Bischwiller"]

1. d4 d5 2. Bf4 Nf6 3. Nd2 e6 4. Ngf3 Bd7 5. e3 c5 6. c3 Nc6 7. Bd3 Be7 8. O-O
O-O 9. Nh4 Rc8 10. Bb1 Re8 11. Qc2 cxd4 12. exd4 Nxd4 13. Qd3 Nc6 14. Bg5 g6
15. Bxf6 Bxf6 16. Ndf3 e5 17. Qc2 e4 18. Re1 exf3 19. Rxe8+ Qxe8 20. Nxf3 Bg4
21. Qd2 Bxf3 22. gxf3 Qe6 23. Bc2 Qh3 24. Re1 Ne5 25. Qe2 Nxf3+ 26. Qxf3 Qxf3
27. Re3 Qg4+ 28. Kh1 Bh4 29. f3 Qh3 30. Kg1 Rc4 31. Bd3 Rf4 32. Be2 Rg4+ 33.
fxg4 Qxe3+ 34. Kf1 Qf2# 0-1

[Event "Interclubs Jeunes"]
[Site "Mulhouse"]
[Date "29.??.??"]
[Round "2.9"]
[White "Guerin, Juliette"]
[Black "Lachkar, Dan"]
[Result "1-0"]
[WhiteElo "1370"]
[BlackElo "1260"]
[PlyCount "57"]
[EventDate "29.??.??"]
[WhiteTeam "Bischwiller"]
[BlackTeam "Saint Mandé"]

1. e4 c6 2. d4 d5 3. e5 Bf5 4. Nf3 Nd7 5. Bd3 Bxd3 6. Qxd3 e6 7. O-O Bb4 8. a3
Ba5 9. Nc3 Ne7 10. b4 Bb6 11. Bg5 O-O 12. Na4 Qc7 13. Bxe7 Rfe8 14. Bh4 a5 15.
Nxb6 Nxb6 16. c3 axb4 17. cxb4 Nc4 18. a4 Nb2 19. Qc2 Nc4 20. Ng5 g6 21. Qd3
Qb6 22. Qc3 Qc7 23. a5 Rf8 24. Qh3 Qe7 25. Nxh7 Qxb4 26. Nf6+ Kg7 27. Nd7 Rh8
28. Bf6+ Kg8 29. Qxh8# 1-0

[Event "Interclubs Jeunes"]
[Site "Mulhouse"]
[Date "29.??.??"]
[Round "2.10"]
[White "Schlegel, Nicolas"]
[Black "Hazan, Raphael"]
[Result "1-0"]
[WhiteElo "1450"]
[BlackElo "1120"]
[PlyCount "77"]
[EventDate "29.??.??"]
[WhiteTeam "Bischwiller"]
[BlackTeam "Saint Mandé"]

1. e4 c5 2. Nf3 d6 3. d4 cxd4 4. Nxd4 e6 5. Be3 Be7 6. Bc4 Nf6 7. Nc3 O-O 8.
O-O a6 9. a3 b5 10. Ba2 Bb7 11. Qd3 Nbd7 12. f3 Rc8 13. Rfe1 Re8 14. b4 Ne5 15.
Qd2 d5 16. exd5 exd5 17. f4 Ne4 18. Nxe4 dxe4 19. fxe5 h6 20. e6 fxe6 21. Bxe6+
Kf8 22. Rf1+ Bf6 23. Bxc8 Bxc8 24. Bxh6 e3 25. Bxe3 Kg8 26. Rad1 Qe7 27. Rfe1
Be5 28. Nc6 Qh4 29. Nxe5 Rxe5 30. Qd8+ Qxd8 31. Rxd8+ Kf7 32. Rxc8 g5 33. Rc7+
Kf8 34. Bc5+ Rxc5 35. bxc5 g4 36. Ree7 a5 37. Ra7 a4 38. Reb7 Ke8 39. Rb8# 1-0

[Event "Interclubs Jeunes"]
[Site "Mulhouse"]
[Date "29.??.??"]
[Round "3.7"]
[White "Schlegel, Nicolas"]
[Black "Casner, Theo"]
[Result "1-0"]
[WhiteElo "1450"]
[BlackElo "1380"]
[PlyCount "55"]
[EventDate "29.??.??"]
[WhiteTeam "Bischwiller"]
[BlackTeam "Mulhouse"]

1. e4 c5 2. Nf3 Nc6 3. d4 cxd4 4. Nxd4 g6 5. Nc3 Bg7 6. Be3 Nf6 7. Bc4 O-O 8.
O-O d6 9. Re1 Bg4 10. Qd2 Rc8 11. f4 Bd7 12. Rf1 Re8 13. f5 Ne5 14. Bb3 a5 15.
a4 Rf8 16. Rad1 Qe8 17. Rf4 Bc6 18. Rh4 Rd8 19. Bh6 Nh5 20. Bxg7 Kxg7 21. g4
Nf6 22. Qh6+ Kg8 23. g5 Nh5 24. fxg6 hxg6 25. Rxh5 gxh5 26. Nf5 Nf3+ 27. Kf2
Nxg5 28. Qg7# 1-0

[Event "Interclubs Jeunes"]
[Site "Mulhouse"]
[Date "29.??.??"]
[Round "3.8"]
[White "Guerin, Juliette"]
[Black "Pierron, Baptiste"]
[Result "0-1"]
[WhiteElo "1370"]
[BlackElo "1210"]
[PlyCount "132"]
[EventDate "29.??.??"]
[WhiteTeam "Bischwiller"]
[BlackTeam "Mulhouse"]

1. e4 c5 2. Nf3 Nc6 3. Nc3 g6 4. d4 cxd4 5. Nxd4 Bg7 6. Be3 e6 7. Bc4 f5 8. O-O
Nge7 9. Re1 fxe4 10. f3 exf3 11. Qxf3 Nxd4 12. Bxd4 Bxd4+ 13. Kh1 d5 14. Bb3
Nf5 15. Rf1 O-O 16. Rad1 Ne3 17. Qxf8+ Qxf8 18. Rxf8+ Kxf8 19. Rxd4 Kg7 20. Rf4
e5 21. Rf2 d4 22. Nd5 Be6 23. Nxe3 Bxb3 24. axb3 dxe3 25. Re2 Rd8 26. g3 Rd2
27. Rxe3 Rxc2 28. Rxe5 Rxb2 29. Re7+ Kh6 30. Rxb7 a5 31. Rb5 Ra2 32. h4 a4 33.
bxa4 Rxa4 34. Kg2 Ra2+ 35. Kf3 Ra4 36. Rg5 Rb4 37. Rg4 Rb3+ 38. Kg2 Kh5 39.
Rg5+ Kh6 40. Kh3 Rb4 41. g4 Rb3+ 42. Kg2 Kg7 43. h5 h6 44. Rxg6+ Kh7 45. g5 Kh8
46. gxh6 Rc3 47. Re6 Kh7 48. Rg6 Kh8 49. Rg7 Rd3 50. h7 Kxg7 51. h6+ Kxh7 52.
Kf2 Kxh6 53. Ke2 Rh3 54. Kf2 Kg5 55. Kg2 Kg4 56. Kf2 Ra3 57. Ke2 Kf4 58. Kd2
Ke4 59. Kc2 Kd4 60. Kb2 Rh3 61. Kc2 Rg3 62. Kb2 Kc4 63. Ka2 Kb4 64. Kb1 Kb3 65.
Kc1 Rd3 66. Kb1 Rd1# 0-1

[Event "Interclubs Jeunes"]
[Site "Mulhouse"]
[Date "29.??.??"]
[Round "3.9"]
[White "Pierron, Baptiste"]
[Black "Schlegel, Nicolas"]
[Result "0-1"]
[WhiteElo "1210"]
[BlackElo "1450"]
[PlyCount "46"]
[EventDate "29.??.??"]
[WhiteTeam "Mulhouse"]
[BlackTeam "Bischwiller"]

1. e4 e5 2. Nf3 Nc6 3. Nc3 Bc5 4. Nxe5 Nxe5 5. d4 Bd6 6. dxe5 Bxe5 7. Qg4 d5 8.
Qd1 Nf6 9. Bg5 Qe7 10. Nxd5 Qe6 11. Nxc7+ Bxc7 12. Bb5+ Kf8 13. Bxf6 gxf6 14.
Qd3 b6 15. Qa3+ Bd6 16. Bc4 Qxe4+ 17. Qe3 Qxc4 18. Qf3 Qe6+ 19. Qe2 Qxe2+ 20.
Kxe2 Ba6+ 21. Ke1 Re8+ 22. Kd1 Be2+ 23. Kd2 Bf4+ 0-1

[Event "Interclubs Jeunes"]
[Site "Mulhouse"]
[Date "29.??.??"]
[Round "3.10"]
[White "Casner, Theo"]
[Black "Guerin, Juliette"]
[Result "1/2-1/2"]
[WhiteElo "1380"]
[BlackElo "1370"]
[PlyCount "65"]
[EventDate "29.??.??"]
[WhiteTeam "Mulhouse"]
[BlackTeam "Bischwiller"]

1. e4 e5 2. Nf3 Nc6 3. Bb5 d6 4. h3 Bd7 5. O-O Nf6 6. c3 Nxe4 7. d4 Nf6 8. dxe5
dxe5 9. Bxc6 Bxc6 10. Nxe5 Be4 11. Qxd8+ Rxd8 12. Nd2 Bd5 13. Nb3 Bd6 14. Re1
O-O 15. Nd3 Rfe8 16. Bg5 h6 17. Bxf6 gxf6 18. Rad1 b6 19. Nb4 Bb7 20. Nd4 c5
21. Rxe8+ Rxe8 22. Nf5 Bf4 23. Nd3 Bg5 24. h4 c4 25. Nb4 Bf4 26. g3 Bc7 27.
Nxh6+ Kg7 28. Nf5+ Kg6 29. Ne3 Be4 30. Nbc2 f5 31. Nd4 Bxg3 32. Nxc4 Bxh4 33.
Nd6 1/2-1/2

[Event "Interclubs Jeunes"]
[Site "Mulhouse"]
[Date "29.??.??"]
[Round "3.7"]
[White "Kieffer, Anatole"]
[Black "Lachkar, Dan"]
[Result "1-0"]
[WhiteElo "1550"]
[BlackElo "1260"]
[PlyCount "49"]
[EventDate "29.??.??"]
[WhiteTeam "Clichy"]
[BlackTeam "Saint Mandé"]

1. e4 e5 2. Nf3 Nc6 3. Bc4 Bc5 4. c3 Nf6 5. d3 O-O 6. O-O d6 7. Nbd2 Bg4 8. h3
Bh5 9. Re1 a6 10. Bb3 Qd7 11. Nf1 d5 12. exd5 Nxd5 13. Ng3 Bxf3 14. Qxf3 Nf6
15. Be3 Be7 16. Rad1 b5 17. d4 exd4 18. Bxd4 Rfe8 19. Bxf6 Bd6 20. Rxe8+ Rxe8
21. Ne4 Qc8 22. Nxd6 cxd6 23. Bxg7 Kxg7 24. Qxf7+ Kh8 25. Qf6# 1-0

[Event "Interclubs Jeunes"]
[Site "Mulhouse"]
[Date "29.??.??"]
[Round "3.8"]
[White "Raze, Nicolas"]
[Black "Hazan, Raphael"]
[Result "1-0"]
[WhiteElo "1080"]
[BlackElo "1120"]
[PlyCount "117"]
[EventDate "29.??.??"]
[WhiteTeam "Clichy"]
[BlackTeam "Saint Mandé"]

1. e4 c5 2. Nf3 d6 3. Nc3 e6 4. d4 cxd4 5. Nxd4 Nf6 6. Be2 Be7 7. O-O O-O 8.
Bf4 a6 9. e5 dxe5 10. Bxe5 b5 11. Bf3 Ra7 12. Bxb8 Rd7 13. Nce2 Bc5 14. c3 b4
15. Qd2 a5 16. Qe3 a4 17. Rfd1 a3 18. cxb4 axb2 19. Rab1 Bb6 20. Bc6 Re7 21.
Qb3 Ba6 22. Bg3 Bc7 23. Bb5 Bb7 24. Bc6 Bxg3 25. Nxg3 Bxc6 26. Nxc6 Qc7 27.
Nxe7+ Qxe7 28. Rxb2 e5 29. Nf5 Qd7 30. Rxd7 Nxd7 31. Ne7+ Kh8 32. Qh3 Nf6 33.
Nf5 Rd8 34. g3 g6 35. Qh6 Nh5 36. g4 Rd1+ 37. Kg2 Nf4+ 38. Kg3 Rd3+ 39. Kh4
Rh3+ 40. Kg5 Rxh6 41. Kxh6 Nd5 42. Rc2 Nf6 43. Rc8+ Ng8+ 44. Kg5 f6+ 45. Kh4
gxf5 46. gxf5 e4 47. b5 Kg7 48. b6 Nh6 49. b7 Nxf5+ 50. Kg4 Nh6+ 51. Kf4 f5 52.
b8=Q e3 53. fxe3 Kg6 54. Rc6+ Kg7 55. Qb7+ Kh8 56. Rc8+ Ng8 57. Rc1 h5 58. Rg1
Nh6 59. Qg7# 1-0